Inauguración del primer tramo del camino vecinal a Pedrafita
Descripción Física:
Il·lustracions
Colección:
San Jorge,
; núm. 14 (abril 1954), pàg 107-109
Materias:
Camins -- Barcelona (Província) -- Disseny i construcció
; Perafita (Catalunya)
; Igualada (Catalunya)
Idioma:
Español
MARC
| LEADER | 00000naa a2200000 a 4500 | ||
|---|---|---|---|
| 003 | Arxiu | ||
| 005 | 20260324181023.0 | ||
| 008 | 160829s1954 spcaxx s spa c | ||
| 040 | |a agdb | ||
| 245 | 0 | 0 | |a Inauguración del primer tramo del camino vecinal a Pedrafita |
| 300 | |b Il·lustracions | ||
| 490 | |a San Jorge, |v núm. 14 (abril 1954), pàg 107-109 | ||
| 650 | 0 | |a Camins |z Barcelona (Província) |x Disseny i construcció |9 28422 | |
| 651 | 0 | |a Perafita (Catalunya) |9 50711 | |
| 651 | 0 | |a Igualada (Catalunya) |9 50939 | |
| 773 | |g Núm. 14 (abril 1954), pàg 107-109 |t San Jorge. | ||
| 901 | |a Arxiu | ||
| 942 | |n 1 |2 udc |c ART | ||
| 952 | |0 0 |1 0 |4 0 |6 REV509 |7 1 |9 64786 |a Arxiu |b Arxiu |d 2022-12-14 |l 0 |o Rev-509 |r 2022-12-14 00:00:00 |w 2022-12-14 |y ARXIU | ||
| 999 | |c 43752 |d 43752 | ||